|
|
|
|
| LEADER |
01507nam a2200397 a 4500 |
| 001 |
mzk03001053499 |
| 003 |
CZ BrMZK |
| 005 |
20070821092853.0 |
| 007 |
ta |
| 008 |
070821s1752 ne fr|||||00| ||latod |
| 040 |
|
|
|a BOA001
|b cze
|
| 041 |
0 |
|
|a lat
|a grc
|
| 072 |
|
7 |
|a 094
|x Staré tisky
|2 Konspekt
|9 12
|
| 080 |
|
|
|a (0.068)094
|2 MRF
|
| 100 |
0 |
|
|a Aristainetos,
|d činný 5. století
|7 jn19981000138
|4 aut
|
| 245 |
1 |
0 |
|a Virorum Aliquot Eruditorum In Aristaeneti Epistolas Conjecturae Communicatae /
|c Cum Editore Novissimo, Qui suas Notas adjecit. Accedunt Claudii Salmasii, et Th. Munkeri. Notae in Aristaenetum
|
| 260 |
|
|
|a Amstelaedami :
|b Apud Gerardum de Groot,
|c 1752
|
| 300 |
|
|
|a 72 s. ;
|c 4°
|
| 500 |
|
|
|a Výzdoba: Titulní strana tištěna červeně a černě, vlysy, iniciály, viněty
|
| 501 |
|
|
|a Přívazek 2 k: Epistolae ... / Aristainetos
|
| 510 |
3 |
|
|a BNF
|
| 510 |
3 |
|
|a DNB
|
| 546 |
|
|
|a Latinský a řecký text
|
| 655 |
|
7 |
|a staré tisky
|7 fd422076
|2 czenas
|
| 700 |
1 |
|
|a Muncker, Thomas,
|d 1642-1680
|7 mzk2010579550
|4 aut
|
| 700 |
1 |
|
|a Schurzfleisch, Heinrich Leonhard,
|d zemř. 1723
|4 aut
|
| 700 |
1 |
|
|a Saumaise, Claude,
|d 1588-1653
|7 mzk2007395131
|4 aut
|
| 903 |
|
|
|a RP
|
| 910 |
|
|
|a BOA001
|b ST1-0081.646,B,přív.2
|
| 978 |
|
|
|b Groot, Gerrit de
|a Amsterdam
|c 1752
|
| 984 |
|
|
|a Amsterdam
|b Nizozemsko
|
| 985 |
|
|
|a 1701-1750
|
| 990 |
|
|
|a BK
|
| 993 |
|
|
|a Y
|
| 991 |
|
|
|k mzk
|
| 994 |
|
|
|a UP
|l MZK03
|b 001053496
|m přívazek 2
|n záznam 1. díla (pro objednání pokračujte kliknutím)
|